00669nam a2200205Ia 4500008004100000041001200041082001200053100002000065245005900085365000700144520001600151546001200167630005900179650001600238655001600254730005900270942000900329999001900338952010600357101110s9999 xx 000 0 und d aENGLISH bSR16479 aMangalgiri S.R. aGroup theory, Co-ordinate Geomatry of Three Dimensions b30 aStats/Maths aENGLISH aGroup theory, Co-ordinate Geomatry of Three Dimensions aStats/Maths aStats/Maths aGroup theory, Co-ordinate Geomatry of Three Dimensions cBOOK c810234d810231 00104070aDBJbDBJc33Bd2010-11-11g30.00j5l0pDBJSR16479r2010-11-11 00:00:00w2010-11-11yBOOK